Library Banner

Tahqeeq ka fun = تحقیق کا فن / (Record no. 136432)

MARC details
000 -LEADER
fixed length control field 00478nam a22001577a 4500
005 - DATE AND TIME OF LATEST TRANSACTION
control field 20241230120717.0
008 - FIXED-LENGTH DATA ELEMENTS--GENERAL INFORMATION
fixed length control field 241230b xxu||||| |||| 00| 0 eng d
040 ## - CATALOGING SOURCE
Transcribing agency PK-LaUMT
082 ## - DEWEY DECIMAL CLASSIFICATION NUMBER
Classification number APC 001.42
Item number GIY-T
100 ## - MAIN ENTRY--PERSONAL NAME
Personal name Giyan Chand =گیان چند
245 ## - TITLE STATEMENT
Title Tahqeeq ka fun = تحقیق کا فن /
Remainder of title by Giyan Chand =گیان چند
260 ## - PUBLICATION, DISTRIBUTION, ETC. (IMPRINT)
Place of publication, distribution, etc اسلام آباد
Name of publisher, distributor, etc مقتدرہ قومی زبان
Date of publication, distribution, etc 2002
300 ## - PHYSICAL DESCRIPTION
Extent 611 ص
546 ## - LANGUAGE NOTE
Language note Urdu
942 ## - ADDED ENTRY ELEMENTS (KOHA)
Koha item type Books
Holdings
Withdrawn status Lost status Damaged status Home library Current library Date acquired Full call number Barcode Date last seen Price effective from Koha item type
      UMT Main Campus UMT Main Campus 2024-12-30 APC 001.42 GIY-T 148209 2024-12-30 2024-12-30 Books